| 000 | 01021nam a22002897a 4500 | ||
|---|---|---|---|
| 001 | 4955 | ||
| 003 | FISKH | ||
| 005 | 20241028140608.0 | ||
| 008 | 241028b cb ||||| |||| 00| 0 eng d | ||
| 020 | _a9781405358040 | ||
| 040 |
_aFISKH _beng _cFISKH _dFISKH |
||
| 050 | _aQD466.W56 | ||
| 082 | _a546 | ||
| 100 | _aWinston, Robert | ||
| 245 |
_aIt's Elementary!: How chemistry rocks our world / _cby Robert Winston |
||
| 250 | _aFirst published in hardback in Great Britain in 2007 | ||
| 260 |
_aLondon : _bDorling Kindersley Limited ; _c2007 . |
||
| 300 |
_a95 pages : _bcolor illustrations ; _c28 cm . |
||
| 505 | _aZ | ||
| 520 | _aA comprehensive look at the elements describes the history of how they were discovered, what they are made of, their properties, where they are found, and their various applications. | ||
| 521 | 8 |
_a1040
_bLexile IG |
|
| 521 | 8 |
_aZ
_bRaz-Plus |
|
| 650 |
_achemistry _vnon-fiction |
||
| 700 |
_aLock, Deborah _eeditor |
||
| 942 |
_2ddc _cBK _n0 |
||
| 999 |
_c4955 _d4955 |
||